000 00183 a2200097 4500
020 _a9789872739669
041 _aspa
100 _aCassara, Walter
245 _aNoctilucas
942 _cBK
999 _c14824
_d14824